| 000 | 00667cam a22002291 4500 | ||
|---|---|---|---|
| 001 | sa 63000792 | ||
| 003 | DLC | ||
| 005 | 20260227111923.0 | ||
| 008 | 810702s1959 ii a b 000 0 eng | ||
| 010 | _asa 63000792 | ||
| 035 | _a(OCoLC)7548721 | ||
| 040 |
_aDLC _cKWiU _dDLC |
||
| 042 | _apremarc | ||
| 050 | 0 | 0 |
_aHD9506.I42 _bM3 |
| 100 | 1 | _aMadan, A. K. | |
| 245 | 1 | 0 | _aEconomic survey of minerals in India. |
| 260 |
_aNew Delhi, _bEconomic & Industrial Publications, _c1959. |
||
| 300 |
_axi, 228 p. _bdiagr., tables. _c22 cm. |
||
| 440 | 0 |
_aIndian mineral resources series _vno. 1 |
|
| 504 | _aIncludes bibliography. | ||
| 650 | 0 |
_aMineral industries _zIndia. |
|
| 999 |
_c53631 _d53631 |
||